Logo Biblioteca

Desafíos de la adolescencia : (Registro nro. 233)

Detalles MARC
000 -LEADER
fixed length control field 01304nam a22001937a 4500
003 - CONTROL NUMBER IDENTIFIER
control field OSt
005 - DATE AND TIME OF LATEST TRANSACTION
control field 20250819143301.0
008 - FIXED-LENGTH DATA ELEMENTS--GENERAL INFORMATION
fixed length control field 240508s2024 ag ||||| |||| 00| 0 spa d
020 ## - INTERNATIONAL STANDARD BOOK NUMBER
International Standard Book Number 9789877712284
040 ## - CATALOGING SOURCE
Transcribing agency besoc
080 ## - UNIVERSAL DECIMAL CLASSIFICATION NUMBER
Authority record control number or standard number 37.015.3:159.95
100 1# - MAIN ENTRY--PERSONAL NAME
Personal name Raspall, Lucas
Relator term autor
245 10 - TITLE STATEMENT
Title Desafíos de la adolescencia :
Remainder of title 40 posteos para una crianza positiva /
Statement of responsibility, etc. Lucas Raspall
260 ## - PUBLICATION, DISTRIBUTION, ETC.
Place of publication, distribution, etc. Rosario :
Name of publisher, distributor, etc. Homo Sapiens,
Date of publication, distribution, etc. 2024
300 ## - PHYSICAL DESCRIPTION
Extent 276 p.
520 ## - SUMMARY, ETC.
Summary, etc. Crecer cuesta: quizás este sea el mensaje más importante de todo el libro. La transformación del cuerpo, los cambios en el vínculo con nosotros (mamá, papá, adulto o referente), el alejamiento de casa, el creciente tiempo con amigos, las interminables exploraciones, las transgresiones, la inestabilidad emocional, las dificultades en la comunicación, las discusiones, la inmersión en las pantallas, el surgimiento de las parejas, el inicio de la vida sexual, el consumo del alcohol y otras sustancias, los riesgos mayores, la construcción de su identidad, la búsqueda de un sentido... La adolescencia es un camino empinado, al borde del acantilado y repleto de desafíos: mejor que resistir, paralizarnos o huir, es aprender a funcionar como guías sensibles. [Nota del editor]
650 #4 - SUBJECT ADDED ENTRY--TOPICAL TERM
Topical term or geographic name entry element Adolescencia
942 ## - ADDED ENTRY ELEMENTS (KOHA)
Source of classification or shelving scheme Universal Decimal Classification
Koha item type Obra General
Suppress in OPAC No
Existencias
Withdrawn status Lost status Source of classification or shelving scheme Damaged status Not for loan Collection Home library Current library Date acquired Total checkouts Full call number Barcode Date last seen Price effective from Koha item type
    Universal Decimal Classification     Colección General Biblioteca Escuela de Ciencias Sociales Biblioteca Escuela de Ciencias Sociales 13/05/2024   37.015.3:159.95 R226 001026 13/05/2024 13/05/2024 Obra General
Biblioteca de la Escuela Preuniversitaria en Ciencias Sociales y Humanísticas.
Riobamba 250 bis.
CP 2000 - Rosario - Santa Fe
E-Mail: biblioteca@esociales.unr.edu.ar